| 000 | 01503cad a22002295a 4500 | ||
|---|---|---|---|
| 001 | L147518 | ||
| 008 | 090519s2001 xxk f s s000 0 eng d | ||
| 035 | _a(Sirsi) u147518 | ||
| 041 | 0 | _aeng | |
| 050 | 0 | 4 | _a333.72 $2 18 |
| 100 | 1 | _aHalliday, Sandy | |
| 245 | 0 | 0 |
_aScottish house _ba review of recent experience in building individual and small groups of houses with a view to sustainability, the use of traditional & new materials, and innovative design _h[electronic resource] |
| 260 |
_a[Edinburgh] _bScottish Executive Central Research Unit _c2001 |
||
| 505 | 2 | _aExecutive summary -- Chapter one: policy background -- Chapter two: the study methodology -- Chapter three: case studies -- Chapter four: research findings -- Chapter five: suggested further research and dissemination activity -- Bibliography -- Acknowledgements | |
| 520 | _aSuggests that although some sustainable design can be challenging to visual traditions, the designs can still be of high quality and can be a better option that a less sustainable building. Argues that a lack of knowledge amongst relevant bodies could be preventing innovative technical developments from being more widely applied. | ||
| 521 | _aAdvanced | ||
| 651 | 4 | _aInternational | |
| 690 | _aENVIRONMENTAL AND LAND CONSULTANCY-SUSTAINABILITY-SUSTAINABLE DEVELOPMENT | ||
| 700 | 1 | _aPemberton, Gill | |
| 856 | 4 | 0 |
_uhttps://www.scotland.gov.uk/Publications/2002/03/14394/1081 _zView the report free of charge at www.scotland.gov.uk... |
| 942 | _n0 | ||
| 999 |
_c109599 _d109599 |
||